000 08572nam a22010694i 4500
001 896478
003 OCoLC
005 20220802111002.0
008 740528t1971 stk 000 0 eng d
020 _a0567050408 (Vol. l)
020 _a0567050416 (Vol. ll)
020 _a9780567576514
020 _a0567085457
040 _aYNG
_dOCL
_bspa
_cCO-MdFUSB
_erda
041 _aeng
082 _223
_a220.7
_bC934
245 0 2 _aA critical and exegetical commentary
_c/ Editado por J. A. Emerton , S. R , Driver , A. Plummer , C. A. Briggs.
264 1 _aEdinburgh :
_bT. & T. Clark,
_c℗[1910-1920]
300 _a37 volumenes ;
_c22 cm.
336 _2rdacontent
_atexto
_btxt
337 _2rdamedia
_asin mediación
_bn
338 _2rdacarrier
_avolumen
_bnc
490 _aThe international critical commentary.
501 _aIncluye referencias bibliográficas e índice
505 _tGénesis
_aNaturaleza de la tradición. -- Estructura y composición del libro.
505 _tNúmeros:
_aNaturaleza de la tradición. -- Estructura y composición del libro.
505 _tDeuteronomios:
_aRelación de Deuteronomios con los primeros libros del Pentateuco. -- Alcance y carácter de Deuteronomios: ideas dominantes.
505 0 _aApéndice y correcciones -- Principales abreviaciones y empleadas -- Introducción -- Introductorio. Esquema de contenidos -- Relación de deuteronomio a los libros precedidos del pentateuco -- Alcance y carácter de deuteronomio: sus ideas dominantes -- Autoría, época y estructura -- Lenguaje y estilo -- Notas adicionales
505 _tJueces.
_aLugar del libro en el Canon.
505 0 _aPrefacio -- Introducción -- Título y lugar del libro en el canon -- Contenido -- La historia de los jueces, carácter y época -- Las fuentes de los jueces -- La composición del libro de los jueces -- Cronología del libro de los jueces -- Texto hebreo y versiones antiguas -- Interpretes del libro de los jueces -- Comentario
505 _tSamuel.
_aComposición del libro, análisis, textos y versiones.
505 _tLos libros de Reyes.
_aTraducción de la biblia moderna. -- El libro -- Versiones antiguas. -- Agrupación de versiones. -- Las fuentes del libro.
505 _tCrónicas:
_aIntroducción. -- Comentario en 1 de Crónicas. -- Comentario en 2 de Crónicas.
505 _tEsdrás y Nehemías.
505 0 _aPrefacio -- Abreviaciones -- Introducción -- Nombre y orden -- La relación del libro de crónicas con el libra de Esdras y Nehemías -- Época -- Plan, Propósito y valor Histórico -- El valor religioso -- Fuentes -- Particularidades de la dicción -- Texto hebreo y las versiones -- El más alto criticismo y literatura -- Comentario sobre 1ª Crónicas -- Tablas genealógicas con avisos geográficos e históricos -- La historia de David -- Comentario sobre 2ª Crónicas -- La historia de Salomón -- La historia de Judá desde Roboam hasta el exilio
505 _tEster.
_aEl lugar de Ester en el Antiguo Testamento. -- Textos Masoréticos de Tiberia -- Otros textos que proceden del original.
505 0 _aLugar del libro de Ester en el Antiguo Testamento -- Descendiente del texto masorético tiberiano -- Otros descendientes de los soferim -- Otros descendientes del texto original -- El más alto criticismo -- Canonicidad -- Interpretación -- Comentario
505 _tJob
_aTítulo y lugar en el Canon -- Forma literaria. -- Propósito y método del escritor. -- La época del libro.
505 0 _aTítulo y lugar en el canon -- Temática y divisiones principales -- Formas de literatura -- Orígenes e historia del libro de Job: Fuentes y adiciones -- Propósito y método del escritor -- La época de este libro -- El texto -- El ritmo -- Traducción y comentario -- Notas filológicas
505 _tSalmos.
505 _tProverbios.
505 _tEclesiastés.
505 0 _aNombre del libro -- Lugar en la Biblia hebrea -- Canonicidad -- Texto -- Historia de la interpretación -- La relación de Qoheleth con el pensamiento griego -- La integridad de los eclesiastés -- Qoheleth pensó en líneas generales -- Fue escrito en Qohelet forma métrica? -- Características lingüísticas de Qoheleth -- La relación de eclesiastés con Ben Sira -- La actitud del libro de la sabiduría con respecto a los eclesiastés -- Fecha y autoría -- Comentario
505 _tIsaías.
505 _tEzequiel.
_aIntroducción a Ezequiel -- Comentario sobre el texto -- Planes del templo
_g/ G. A. Cooke,
505 _tDaniel.
_aIntroducción al libro de Daniel -- Comentario sobre el libro de Daniel -- Traducción del libro.
_r/ James A. Montgomery
505 _tAmos y Oseas
_aComentario crítico y exegético sobre el libro de Amos
_r/ William Rainey Harper.
505 _tMiqueas Nahum Habacuc, Abdías y Joel
_r/ John Merlin Powis Smith, William Hayes Ward y Julius A. Bewer.
505 0 _aIntroducciones a Miqueas -- Comentario sobre Miqueas -- Introducción a Sofonías -- Comentario sobre Sofonías -- Introducción a Nahum -- Comentario sobre Nahum -- Introducción a Habacuc -- Comentario sobre Habacuc -- Introducción a Abdías -- Comentario sobre Abdías -- Introducción a Joel -- Comentario sobre Joel
505 _tHageo, Zacarías, Malaquías y Jonas.
_r/ Hinckley G. Mitchell, John Merlin Powis Smith y Julius A. Bewer.
505 0 _aIntroducción y comentario sobre Hageo y Zacarías -- Introducción y comentario sobre Malaquías -- Introducción y comentario sobre Jonás
505 _tSan Mateo
_r/ Willoughby C. Allen.
505 _tSan Marcos
_r/ Ezra P. Gould.
505 _tLucas
_aIntroducción al libro de Lucas - Comentario del libro de Lucas
_r/ Alfred Plummer.
505 _tJuan
_r/ Archbishop J. H. Bernard, To St. John
505 _tRomanos I-VIII
_r/ C. E. B. Cranfield.
505 0 _aPrefacio del editor general -- Prefacio -- Lista de abreviaciones -- Introducción -- Autenticidad e integridad -- Fecha y lugar de la escritura -- La iglesia en Roma -- Ocasión y propósito -- Lenguaje y estilo -- Estructura -- Historia de la exégesis -- Comentario -- Inscripción, dirección y saludo (1.1-7) -- Pablo y la iglesia romana (1.8-16a) -- El tema de la epístola es declarado (1.16b-17) -- La revelación de la justicia que es de Dios solo por la fe: "El que es justo por la fe", expone (1.18-4.25) -- La vida prometida para aquellos que son justos por la fe: "vivirá", expuesta (5.1-8.39)
505 _tLa epístola a los Romanos IX-XVI
_r/ C. E. B. Cranfield.
505 0 _aLa incredulidad de los hombres y la fidelidad de Dios (9.1-11.36) -- La obediencia a la que son llamados los justos por la fe (12.1-15.13) -- Conclusión de la epístola (15.14-16.27) -- Propósito o propósitos de Pablo al escribir Romanos -- Observaciones finales sobre algunos aspectos de la teología de los romanos
505 0 0 _tPrimera Epístola de Pablo a los Corintios.
_r/ Archibald Robertson, Alfred Plummer.
_aIntroducción a 1 Corintios - Comentario sobre el texto
505 0 0 _tSegunda Epístola de San Pablo a los Corintios
_r/ Alfred Plummer.
505 0 _tGálatas
_r/ Ernest de Witt Burton.
505 0 _tEfesios y Colosenses.
_aIntroducción a la epístola a los Efesios - Introducción a la epístola a los Colosenses - Comentario sobre Efesios - Comentario sobre Colosenses
_g/ T. K. Abbott
505 0 0 _tFilipenses y Filemón
_r/ Marvin R. Vicent.
505 0 0 _tEpístolas Pastorales
_r/ Walter Lock
505 0 0 _tEpístola a los Hebreos
_r/ James Moffatt.
505 0 0 _tLa Epístola a Santiago
_r/ James MHardy Ropes
505 _tLa Epístola de Pedro y Judas.
_r/ Charles Bigg.
505 _tApocalípsis de San Juan
_r/ R. H. Charles.
563 _aTapa dura
630 0 7 _aBiblia
_vComentarios
700 1 _aGray, George Buchanan,
_d1865-1922.
_eautor
700 1 _aPlummer, A
_eeditor
700 1 _aBriggs, C. A.
_eeditor
700 _aEmerton, J. A.
_eeditor general
700 _aStanton G. N.
_eeditor general
700 _aDriver, S. R.
_eeditor
700 _aPlummer, A.
_eeditor
700 _aBriggs, C. A.
_eeditor
700 1 _aWard, William Hayes,
_d1835-1916.
_eautor
700 1 _aBewer, Julius A.
_q(Julius August),
_d1877-1953.
_eautor
700 1 _aAlonso Madsen Albert
_eautor
700 1 _aDriver, S. M.
_eeditor
700 1 _aPlummer, A.
_eeditor
700 1 _aBriggs, C. A.
_eeditor
700 _aSalters, Robert B. ‎
_eeditor
_96513
720 _aJohn Merlin Powis Smith
720 _aJulius A. Bewer
942 _cBK
945 _aJTF-925
999 _c64660
_d64660